000 01370cam a2200229 4500
001 ABS63344
008 000000n2000 000 0 eng u
035 _a(Sirsi) u110241
100 _aThomas, N
245 4 _aThe town or village green revived
260 _c2000
490 _aNew Law Journal
_v150(6964) 15 December 2000, 1946-1848(2)
520 _aConsiders the implication of "R v Oxfordshire CC ex parte Sunningwell Parish Council" on village greens. Village greens are now a source of of difficulty for land developers as they search for suitable building land in response to the high demand for new housing in the 1990s. Communities have discovered the Commons Registration Act 1965 s13(b) which allows the registration of 'any land [which] becomes ... a town or village green'. It is now becoming difficult for a developer to tell if the land is a new village green. The advice given to prospective buyers is to be aware of the dangers of buying open and apparently unused land and even to observe the uses to which it is put before approaching to buy.
590 _aABS
650 _aVILLAGE GREENS
650 _aCOMMON LAND
650 _aR V OXFORDSHIRE CC AND ANOTHER EX P SUNNINGWELL PARISH COUNCIL
650 _aCOMMONS REGISTRATION ACT 1965 S13(B)
650 _aHOUSING DEVELOPMENT
690 _aPROPERTY AND LAND LAW-CASE LAW
942 _n0
999 _c65741
_d65741